Félins par image - Littlest Pet Shop - Statistiques

Statistiques générales
  • Ce quiz a été pris 10 fois
  • Le résultat moyen est 2 sur 12
Statistiques - réponses
Par images Réponse % Correct
Lion
100%
Tigre
100%
Siamois
29%
Abyssin
0%
Bengal
0%
Jaguar
0%
Main coon
0%
Panthère des neiges
0%
Persan
0%
Puma
0%
Sacré de Birmanie
0%
Scottish Fold
0%
Aucun quiz correspondant
Distribution des résultats
% des personnes avec chaque résultat
Percentile par nombre de réponses
Votre historique - résultats
Vous n’avez pas pris ce quiz